A System-Based Approach to Policymaning
Αποθηκεύτηκε σε:
| Άλλοι συγγραφείς: | |
|---|---|
| Μορφή: | Βιβλίο |
| Γλώσσα: | English |
| Δημοσίευση: |
Boston :
Kluwer,
1993.
|
| Θέματα: | |
| Ετικέτες: |
Προσθήκη ετικέτας
Δεν υπάρχουν, Καταχωρήστε ετικέτα πρώτοι!
|
MARC
| LEADER | 00000cam a2200000 i 4500 | ||
|---|---|---|---|
| 001 | 1/50307 | ||
| 008 | 950915s1993 mau ||| | eng|| | ||
| 020 | |a 0792393368 | ||
| 035 | |a 1995 |c ΔΑΡΖΕΝΤΑΣ |l 10043844 | ||
| 040 | |a GR-MyUA |b gre |e AACR2 | ||
| 041 | 0 | |a eng | |
| 082 | 0 | |a 320.6 | |
| 245 | 1 | 2 | |a A System-Based Approach to Policymaning / |c Edited by Kenyon B. De Greene. |
| 260 | |a Boston : |b Kluwer, |c 1993. | ||
| 300 | |a 355 σ. ; |c 24 εκ. | ||
| 504 | |a Περιέχει βιβλιογραφικές παραπομπές και ευρετήριο. | ||
| 650 | 0 | 0 | |a Policy sciences. |
| 650 | 0 | 0 | |a System analysis. |
| 700 | 1 | |a De Greene, Kenyon B. |e edt | |
| 852 | |a INST |b SAMOS |e 19950915 |h 320.6 SYS |p 005300005055 |q 005300005055 |t BK |y 0 | ||
| 909 | |a Σ |b 041160 | ||